000 00488nam a2200157 a 4500
001 000032206
005 20200930063523.0
008 110713s1977 dr cg 000 | spa d
040 _aDO-SdBNP
_bspa
_cBNPHU
082 _axxxx
_bM917c
100 1 _aMota Acosta, Julio César,
_d1945-
_958281
245 1 4 _aLos cocolos en Santo Domingo /
_cJulio César Mota Acosta.
260 _aSanto Domingo :
_bEditorial La Gaviota,
_c1977.
300 _a186 p. :
_bretrs., mús. ;
_c18 cm.
049 _aBNPD
999 _c31697
_d31697